| 000 | 00539nam a2200205Ia 4500 | ||
|---|---|---|---|
| 005 | 20250508165142.0 | ||
| 008 | 008 250505s9999 xx 000 0 eng d | ||
| 020 | _a0674-10746-2 | ||
| 037 | _aTextual | ||
| 040 |
_aFEDL _beng _cFEDL |
||
| 041 |
_aeng _2eng |
||
| 084 |
_a519.2, BEN _qFEDL |
||
| 100 |
_aBennett Deborah J _9780005 |
||
| 245 | 0 | _aRandomness | |
| 260 |
_aCambridge _bHarvard University Press _c1999 |
||
| 300 | _a238p. | ||
| 365 |
_aUSD _b20 |
||
| 942 |
_cTEXL _h519.2, BEN |
||
| 999 |
_c1393461 _d1393461 |
||